| 000 | 00647nam a2200229 a 4500 | ||
|---|---|---|---|
| 001 | BRCA_6646 | ||
| 005 | 20190320205536.0 | ||
| 008 | 111011s1873----enk#######---#000-0#eng-# | ||
| 041 | _aeng | ||
| 044 | _aenk | ||
| 050 | 4 |
_aPZ3 _b.B533Lo 1873 |
|
| 100 | 1 |
_aBlackmore, R. D. _d1825-1900 _q(Richard Doddridge) _916644 |
|
| 245 | 1 | 0 |
_aLorna Doone _ba romance of Exmoor _cR. D. Blackmore. |
| 250 | _a6a. ed. | ||
| 260 |
_aLondres _bSampson Low, Marston _c1873 |
||
| 300 |
_axii, 687 p. _c17 cm. |
||
| 500 | _aL147 | ||
| 650 | 1 | 4 |
_aMonmouth, Rebelion de, 1685 _xNovela _916645 |
| 650 | 1 | 4 |
_aLiteratura inglesa _916646 |
| 902 | _aGFM | ||
| 942 |
_2lcc _cB |
||
| 999 |
_c6330 _d6330 |
||